MARC details
| 000 -LEADER |
| fixed length control field |
02609nam a2200613Ia 4500 |
| 001 - CONTROL NUMBER |
| control field |
sjds1049225 |
| 003 - CONTROL NUMBER IDENTIFIER |
| control field |
sjds |
| 005 - DATE AND TIME OF LATEST TRANSACTION |
| control field |
20171023152524.0 |
| 008 - FIXED-LENGTH DATA ELEMENTS--GENERAL INFORMATION |
| fixed length control field |
010205m20001999sp c 000 1 spa d |
| 020 ## - INTERNATIONAL STANDARD BOOK NUMBER |
| International Standard Book Number |
8478886540 (pbk.) |
| 020 ## - INTERNATIONAL STANDARD BOOK NUMBER |
| International Standard Book Number |
9788478886548 (pbk.) |
| 020 ## - INTERNATIONAL STANDARD BOOK NUMBER |
| International Standard Book Number |
8478884459 |
| 020 ## - INTERNATIONAL STANDARD BOOK NUMBER |
| International Standard Book Number |
9788478884452 |
| 020 ## - INTERNATIONAL STANDARD BOOK NUMBER |
| International Standard Book Number |
9788498386943 (trade paperback) |
| 035 ## - SYSTEM CONTROL NUMBER |
| System control number |
347760 |
| 035 ## - SYSTEM CONTROL NUMBER |
| Canceled/invalid control number |
(OCoLC)48120047 |
| -- |
(OCoLC)52601589 |
| 035 ## - SYSTEM CONTROL NUMBER |
| System control number |
(OCoLC)45847385 |
| 035 ## - SYSTEM CONTROL NUMBER |
| System control number |
1029135 |
| 035 ## - SYSTEM CONTROL NUMBER |
| System control number |
841867 |
| 035 ## - SYSTEM CONTROL NUMBER |
| System control number |
347760 |
| 040 ## - CATALOGING SOURCE |
| Original cataloging agency |
MNE |
| Transcribing agency |
MNE |
| Modifying agency |
OCLCQ |
| -- |
TEF |
| -- |
UtOrBLW |
| 041 1# - LANGUAGE CODE |
| Language code of text/sound track or separate title |
spa |
| Language code of original |
eng |
| 049 ## - LOCAL HOLDINGS (OCLC) |
| Holding library |
IFAA |
| 099 ## - LOCAL FREE-TEXT CALL NUMBER (OCLC) |
| Filing suffix |
2016 |
| 999 ## - SYSTEM CONTROL NUMBERS (KOHA) |
| Koha Dewey Subclass [OBSOLETE] |
CHILDREN ESPANOL FICTION ROWLING 2016 |
| 100 1# - MAIN ENTRY--PERSONAL NAME |
| Personal name |
Rowling, J. K., |
| Relator term |
author. |
| 240 10 - UNIFORM TITLE |
| Uniform title |
<a href="Harry Potter and the philosopher's stone.">Harry Potter and the philosopher's stone.</a> |
| Language of a work |
Spanish |
| 245 10 - TITLE STATEMENT |
| Title |
Harry Potter y la piedra filosofal / |
| Statement of responsibility, etc. |
J.K. Rowling ; [traducción, Alicia Dellepiane]. |
| 260 ## - PUBLICATION, DISTRIBUTION, ETC. (IMPRINT) |
| Place of publication, distribution, etc. |
Barcelona : |
| Name of publisher, distributor, etc. |
Salamandra ; Emece Editores, |
| Date of publication, distribution, etc. |
2000, c1999. |
| 264 #1 - PRODUCTION, PUBLICATION, DISTRIBUTION, MANUFACTURE, AND COPYRIGHT NOTICE |
| Place of production, publication, distribution, manufacture |
Barcelona : |
| Name of producer, publisher, distributor, manufacturer |
Salamandra ; Emece Editores, |
| Date of production, publication, distribution, manufacture, or copyright notice |
2000. |
| 264 #4 - PRODUCTION, PUBLICATION, DISTRIBUTION, MANUFACTURE, AND COPYRIGHT NOTICE |
| Date of production, publication, distribution, manufacture, or copyright notice |
c1999 |
| 300 ## - PHYSICAL DESCRIPTION |
| Extent |
254 pages ; |
| Dimensions |
23 cm. |
| 336 ## - CONTENT TYPE |
| Content type term |
text |
| Content type code |
txt |
| Source |
rdacontent |
| 337 ## - MEDIA TYPE |
| Media type term |
unmediated |
| Media type code |
n |
| Source |
rdamedia |
| 338 ## - CARRIER TYPE |
| Carrier type term |
volume |
| Carrier type code |
nc |
| Source |
rdacarrier |
| 490 1# - SERIES STATEMENT |
| Series statement |
Harry Potter ; |
| Volume/sequential designation |
1 |
| 500 ## - GENERAL NOTE |
| General note |
Sequel: Harry Potter and the Chamber of Secrets. |
| 520 ## - SUMMARY, ETC. |
| Summary, etc. |
Rescued from the outrageous neglect of his aunt and uncle, a young boy with a great destiny proves his worth while attending Hogwarts School for Wizards and Witches. |
| 520 ## - SUMMARY, ETC. |
| Summary, etc. |
Un huérfano que vive en la casa de sus abominables tíos, Harry Potter es un chico muy triste y solo, hasta que reciba una carta que cambiará su vida para siempre. En ella le comunican que ha sido aceptado como alumno en el Colegio Interno Hogwarts de Magia y Hechicería, porque Harry no es un chico común y corriente. �Es un mago! |
| 526 0# - STUDY PROGRAM INFORMATION NOTE |
| Program name |
Accelerated Reader |
| Interest level |
MG |
| Reading level |
6.6 |
| Title point value |
13.0 |
| Public note |
26759SP |
| 650 #0 - SUBJECT ADDED ENTRY--TOPICAL TERM |
| Topical term or geographic name as entry element |
Wizards |
| Form subdivision |
Juvenile fiction. |
| 650 #0 - SUBJECT ADDED ENTRY--TOPICAL TERM |
| Topical term or geographic name as entry element |
Magic |
| Form subdivision |
Juvenile fiction. |
| 650 #0 - SUBJECT ADDED ENTRY--TOPICAL TERM |
| Topical term or geographic name as entry element |
Hogwarts School of Witchcraft and Wizardry (Imaginary organization) |
| Form subdivision |
Juvenile fiction. |
| 650 #0 - SUBJECT ADDED ENTRY--TOPICAL TERM |
| Topical term or geographic name as entry element |
Schools |
| Form subdivision |
Juvenile fiction. |
| 650 #7 - SUBJECT ADDED ENTRY--TOPICAL TERM |
| Topical term or geographic name as entry element |
Magia |
| Form subdivision |
Novela juvenil. |
| Source of heading or term |
bidex |
| 650 #7 - SUBJECT ADDED ENTRY--TOPICAL TERM |
| Topical term or geographic name as entry element |
Escuelas |
| Form subdivision |
Novela juvenil. |
| Source of heading or term |
bidex |
| 650 #7 - SUBJECT ADDED ENTRY--TOPICAL TERM |
| Topical term or geographic name as entry element |
Magos |
| Form subdivision |
Novela juvenil. |
| Source of heading or term |
local |
| 650 #7 - SUBJECT ADDED ENTRY--TOPICAL TERM |
| Topical term or geographic name as entry element |
Colegio Hogwarts de Magia y Hechiceria (Lugar imaginario) |
| Form subdivision |
Novela juvenil. |
| Source of heading or term |
local |
| 651 #0 - SUBJECT ADDED ENTRY--GEOGRAPHIC NAME |
| Geographic name |
England |
| Form subdivision |
Juvenile fiction. |
| 651 #7 - SUBJECT ADDED ENTRY--GEOGRAPHIC NAME |
| Geographic name |
Inglaterra |
| Form subdivision |
Novela juvenil. |
| Source of heading or term |
bidex |
| 700 1# - ADDED ENTRY--PERSONAL NAME |
| Personal name |
Dellepiane Rawson, Alicia. |
| 800 1# - SERIES ADDED ENTRY--PERSONAL NAME |
| Personal name |
Rowling, J. K. |
| Title of a work |
Harry Potter series. |
| Language of a work |
Spanish ; |
| Volume/sequential designation |
1. |
| 942 ## - ADDED ENTRY ELEMENTS (KOHA) |
| Koha item type |
Libro/Book |